| 000 | 00320nam a22001097a 4500 | ||
|---|---|---|---|
| 008 | 230621b xxu||||| |||| 00| 0 eng d | ||
| 082 |
_a328.35 _bIPC 1992 |
||
| 245 | _aSummary Records of the LXXXVIIth Inter-Parliamentary Conference | ||
| 260 |
_aGeneva _bInter-Parliamentary Union _c1992 |
||
| 300 | _a277p | ||
| 942 |
_2ddc _cBK |
||
| 999 |
_c2336 _d2336 |
||